00419nam a2200157Ia 450000500170000000800460001703700120006304000200007504100130009508400190010810000170012724500390014426000500018330000140023365000140024720250508150933.0008 250505s9999 xx 000 0 eng d aTextual aFEDLbengcFEDL aeng2eng a330, SHAqFEDL aShaw Bernard 0aEverybody's political what's what? aLondon, UKbConstable and Company Ltd. c1950 aviii,380p aEconomics